The martyrdom of man, (Record no. 552133)
[ view plain ]
| 000 -LEADER | |
|---|---|
| fixed length control field | 00657cam a22001691 4500 |
| 082 ## - DEWEY DECIMAL CLASSIFICATION NUMBER | |
| Classification number | 355.009241 |
| Author Mark | REA |
| 100 1# - MAIN ENTRY--PERSONAL NAME | |
| Personal name | Reade, William Winwood, |
| 9 (RLIN) | 49347 |
| 245 14 - TITLE STATEMENT | |
| Title | The martyrdom of man, |
| Statement of responsibility, etc. | by Winwood Reade. |
| 250 ## - EDITION STATEMENT | |
| Edition statement | New American ed. |
| 260 ## - PUBLICATION, DISTRIBUTION, ETC. | |
| Place of publication, distribution, etc. | New York, |
| Name of publisher, distributor, etc. | E.P. Dutton & company, inc. |
| Date of publication, distribution, etc. | [1931] |
| 300 ## - PHYSICAL DESCRIPTION | |
| Extent | 2 p. l., iii-xlix, 495 p. |
| Dimensions | 20 cm. |
| 500 ## - GENERAL NOTE | |
| General note | "First printing, July, 1926; second printing, May, 1931." |
| 500 ## - GENERAL NOTE | |
| General note | "This edition is a reprint of the twenty-fourth English edition with an introduction by F. Legge."--Publishers' note. |
| 526 ## - STUDY PROGRAM INFORMATION NOTE | |
| Program name | 0 |
| Interest level | 0 |
| Reading level | 0 |
| Title point value | 355_009241000000000_REA |
| 650 #0 - SUBJECT ADDED ENTRY--TOPICAL TERM | |
| Topical term or geographic name entry element | MCE |
| General subdivision | History. |
| 9 (RLIN) | 39616 |
| 942 ## - ADDED ENTRY ELEMENTS (KOHA) | |
| Source of classification or shelving scheme | |
| Koha item type | Book |
| Withdrawn status | Lost status | Source of classification or shelving scheme | Damaged status | Not for loan | Permanent Location | Current Location | Shelving location | Date acquired | Total Checkouts | Full call number | Barcode | Date last seen | Price effective from | Koha item type |
|---|---|---|---|---|---|---|---|---|---|---|---|---|---|---|
| Military College of Engineering (MCE) | Military College of Engineering (MCE) | 01/08/2015 | 355.009241 REA | MCE-ECM.1 | 01/08/2015 | 01/08/2015 | Book |
